[Event "Morava-ch"]
[Site "Orlova"]
[Date "2023.10.29"]
[Round "9"]
[White "Vrba, Zbynek"]
[Black "Sorf, Ivo"]
[Result "1/2-1/2"]
[WhiteElo "1409"]
[BlackElo "1469"]
[PlyCount "57"]
[EventDate "2023.10.24"]
[EventType "swiss"]
[EventRounds "9"]
[EventCountry "CZE"]
[SourceTitle "Mega2024 Update 01"]
[Source "Chessbase"]
[SourceDate "2023.11.12"]
[SourceVersion "1"]
[SourceVersionDate "2023.11.12"]
[SourceQuality "1"]

1. e4 c5 2. Nc3 Nc6 3. g3 e6 4. Bg2 Nf6 5. Nge2 d5 6. exd5 Nxd5 7. Nxd5 exd5 8. d3 Be7 9. 0-0 0-0 10. Nf4 Be6 11. Nxe6 fxe6 12. Qe2 Nd4 13. Qd1 Bf6 14. c3 Nf5 15. Re1 Qb6 16. Qg4 Rae8 17. Rb1 Qd6 18. Bd2 b6 19. Bg5 d4 20. Bxf6 Rxf6 21. Be4 Rg6 22. Qe2 Rf6 23. c4 Ref8 24. Rf1 Rh6 25. Rbe1 Qe5 26. Bxf5 Qxf5 27. Qe4 Qh3 28. Qg2 Qf5 29. Qe4 1/2-1/2

[Event "Morava-ch"]
[Site "Orlova"]
[Date "2023.10.26"]
[Round "4"]
[White "Sorf, Ivo"]
[Black "Grausgruber, Jiri"]
[Result "1/2-1/2"]
[WhiteElo "1469"]
[BlackElo "1497"]
[PlyCount "81"]
[EventDate "2023.10.24"]
[EventType "swiss"]
[EventRounds "9"]
[EventCountry "CZE"]
[SourceTitle "Mega2024 Update 01"]
[Source "Chessbase"]
[SourceDate "2023.11.12"]
[SourceVersion "1"]
[SourceVersionDate "2023.11.12"]
[SourceQuality "1"]

1. d4 Nf6 2. Nc3 d5 3. Bg5 Bf5 4. e3 e6 5. a3 c5 6. Bb5+ Nc6 7. Nf3 a6 8. Bxc6+ bxc6 9. 0-0 h6 10. Bxf6 Qxf6 11. h3 Bd6 12. dxc5 Bxc5 13. Nd4 Bxd4 14. exd4 Qg6 15. Qf3 Bxc2 16. Rfc1 0-0 17. Nd1 Rab8 18. b4 Be4 19. Qg4 Qf6 20. Rxc6 Qxd4 21. Rac1 Qd3 22. R6c3 Qb5 23. Rg3 g6 24. Rc5 Qb7 25. Qh4 Kg7 26. f3 Bb1 27. Qd4+ Kh7 28. f4 Rbc8 29. Rgc3 Rxc5 30. Rxc5 Rc8 31. Rc3 Rxc3 32. Nxc3 Bf5 33. Kf2 Qc6 34. Ke3 Qc4 35. Qxc4 dxc4 36. a4 Bc2 37. Kd4 f6 38. b5 Bxa4 39. bxa6 Bc6 40. g3 g5 41. fxg5 1/2-1/2

[Event "Morava-ch"]
[Site "Orlova"]
[Date "2023.10.25"]
[Round "2"]
[White "Sorf, Ivo"]
[Black "Kokes, Christian"]
[Result "0-1"]
[WhiteElo "1469"]
[BlackElo "1278"]
[PlyCount "82"]
[EventDate "2023.10.24"]
[EventType "swiss"]
[EventRounds "9"]
[EventCountry "CZE"]
[SourceTitle "Mega2024 Update 01"]
[Source "Chessbase"]
[SourceDate "2023.11.12"]
[SourceVersion "1"]
[SourceVersionDate "2023.11.12"]
[SourceQuality "1"]

1. e4 e5 2. Nf3 Nc6 3. Bb5 Nf6 4. d3 a6 5. Bxc6 dxc6 6. Be3 Ng4 7. Bg5 f6 8. Bh4 g5 9. Bg3 Be6 10. h4 gxh4 11. Rxh4 Qd7 12. Nc3 0-0-0 13. Qd2 Qg7 14. Nh2 f5 15. f4 Be7 16. Rh3 fxe4 17. Nxe4 Nh6 18. f5 Nxf5 19. Nf1 Nxg3 20. Rxg3 Bh4 21. 0-0-0 Bxg3 22. Nfxg3 Rhg8 23. Kb1 Bd5 24. Rg1 Qg6 25. b3 Bxe4 26. Nxe4 Qxe4 27. Qf2 Qd4 28. Qf5+ Kb8 29. Rc1 Rxg2 30. Qxh7 Rg1 31. Rxg1 Qxg1+ 32. Kb2 Qf2 33. Qg6 Rf8 34. Qh7 Qd4+ 35. Ka3 Re8 36. Qf7 Qd6+ 37. Kb2 Qe6 38. Qf2 e4 39. d4 e3 40. Qe2 Qf6 41. c3 Qf2 0-1